[Event "Cappelle-la-Grande"]
[Site "Cappelle-la-Grande (FRA)"]
[Date "2013.03.02"]
[Round "9.137"]
[White "Fejzovski, Enver"]
[Black "Oney, Remel"]
[Result "1-0"]
[WhiteElo "2096"]
[BlackElo "1799"]
[PlyCount "41"]
[EventDate "2013.??.??"]

1. Nf3 Nf6 2. c4 c6 3. g3 d5 4. cxd5 cxd5 5. Bg2 Bf5 6. O-O h6 7. Qb3 Qc7 8. d3
e6 9. Nc3 a6 10. Bf4 Bd6 11. Bxd6 Qxd6 12. e4 dxe4 13. dxe4 Nxe4 14. Qxb7 Qc6
15. Qxc6+ Nxc6 16. Nh4 Nxc3 17. Bxc6+ Ke7 18. Nxf5+ exf5 19. Bxa8 Ne2+ 20. Kg2
Rxa8 21. Rfe1 1-0

[Event "Cappelle-la-Grande"]
[Site "Cappelle-la-Grande (FRA)"]
[Date "2013.03.02"]
[Round "9.139"]
[White "Couche, Didier"]
[Black "Warnault, Pierre"]
[Result "1-0"]
[WhiteElo "2091"]
[BlackElo "1793"]
[PlyCount "55"]
[EventDate "2013.??.??"]

1. d4 Nf6 2. c4 c5 3. d5 b5 4. cxb5 a6 5. bxa6 Bxa6 6. Nc3 g6 7. f4 Bg7 8. Nf3
Qa5 9. Bd2 O-O 10. e4 d6 11. Be2 Bxe2 12. Qxe2 Qa6 13. Qxa6 Nxa6 14. O-O Rfb8
15. Rab1 Nd7 16. b3 Nb6 17. Rfd1 c4 18. bxc4 Nxc4 19. Be1 Nb4 20. a4 Ne3 21.
Rdc1 Nd3 22. Rxb8+ Rxb8 23. Rb1 Ra8 24. Ne2 Rxa4 25. Bf2 Ng4 26. Bd4 Nxf4 27.
Rb8+ Bf8 28. Nxf4 1-0

[Event "Cappelle-la-Grande"]
[Site "Cappelle-la-Grande (FRA)"]
[Date "2013.03.02"]
[Round "9.142"]
[White "Pieri, Pierre-Louis"]
[Black "Flamant, Jacky"]
[Result "1-0"]
[WhiteElo "2062"]
[BlackElo "1782"]
[PlyCount "33"]
[EventDate "2013.??.??"]

1. e4 e6 2. Nf3 d5 3. Nc3 c5 4. d4 dxe4 5. Nxe4 cxd4 6. Qxd4 Bd7 7. Bg5 Qc7 8.
O-O-O Nc6 9. Qd2 f6 10. Be3 Nh6 11. Bxh6 f5 12. Bf4 e5 13. Nxe5 Nxe5 14. Bxe5
Qc6 15. Nd6+ Bxd6 16. Qxd6 Qa4 17. Bxg7 1-0

[Event "Cappelle-la-Grande"]
[Site "Cappelle-la-Grande (FRA)"]
[Date "2013.03.02"]
[Round "9.146"]
[White "Herrebrecht, Pierre"]
[Black "Hawia, Thierry"]
[Result "0-1"]
[WhiteElo "1780"]
[BlackElo "2041"]
[PlyCount "50"]
[EventDate "2013.??.??"]

1. e4 e5 2. Nf3 Nc6 3. Bc4 Bc5 4. Nc3 Nf6 5. d3 d6 6. Bg5 Be6 7. Nd5 Na5 8.
Nxf6+ gxf6 9. Bxe6 fxe6 10. Bd2 Nc6 11. c3 Qd7 12. Qe2 O-O-O 13. b4 Bb6 14. a4
a5 15. b5 Ne7 16. Be3 d5 17. Bxb6 cxb6 18. O-O Ng6 19. Rfc1 Kb8 20. c4 Nf4 21.
Qc2 Rhg8 22. g3 dxe4 23. dxe4 Qd3 24. Ne1 Qe2 25. c5 Rd2 0-1

[Event "Cappelle-la-Grande"]
[Site "Cappelle-la-Grande (FRA)"]
[Date "2013.03.02"]
[Round "9.150"]
[White "Czyz, Artur"]
[Black "Van Poucke, Anthony"]
[Result "1-0"]
[WhiteElo "2029"]
[BlackElo "1649"]
[PlyCount "29"]
[EventDate "2013.??.??"]

1. e4 e5 2. Nf3 Nc6 3. Bb5 Bc5 4. c3 f5 5. d3 Nf6 6. O-O O-O 7. Qb3+ Kh8 8.
Bxc6 dxc6 9. Nxe5 Qe7 10. d4 Nxe4 11. Nd2 Nxd2 12. Bxd2 Bb6 13. Rfe1 Qe8 14.
Nf7+ Kg8 15. Rxe8 1-0

[Event "Cappelle-la-Grande"]
[Site "Cappelle-la-Grande (FRA)"]
[Date "2013.03.02"]
[Round "9.156"]
[White "Kobayashi, Atsuhiko"]
[Black "Hashimoto, Azumi"]
[Result "1-0"]
[WhiteElo "1997"]
[BlackElo "1499"]
[PlyCount "53"]
[EventDate "2013.??.??"]

1. g3 g6 2. Bg2 Bg7 3. d4 f5 4. Nf3 Nf6 5. O-O O-O 6. c4 d6 7. Nc3 Nc6 8. d5
Na5 9. Qa4 c5 10. dxc6 Nxc6 11. Rd1 Ne4 12. Nxe4 fxe4 13. Ng5 Nd4 14. Re1 Bg4
15. Bxe4 Qb6 16. Be3 Qxb2 17. Rab1 Nxe2+ 18. Kf1 Nc3 19. Rxb2 Nxa4 20. Rxb7 h6
21. Bd5+ Kh8 22. Nf7+ Kh7 23. Rxe7 Rab8 24. Bd4 Nc5 25. Bxg7 Kxg7 26. Ne5+ Kh8
27. Nxg6# 1-0

[Event "Cappelle-la-Grande"]
[Site "Cappelle-la-Grande (FRA)"]
[Date "2013.03.02"]
[Round "9.162"]
[White "Noiroux, Kevin"]
[Black "Scharapow, Yvan"]
[Result "1-0"]
[WhiteElo "2203"]
[BlackElo "1803"]
[PlyCount "37"]
[EventDate "2013.??.??"]

1. d4 d5 2. Nf3 Nf6 3. c4 c6 4. Nc3 dxc4 5. a4 Bf5 6. Nh4 e6 7. Nxf5 exf5 8. e3
Bb4 9. Bxc4 O-O 10. O-O a5 11. Qc2 g6 12. f3 Re8 13. Kh1 Na6 14. Qf2 Qc7 15. e4
Qd7 16. g4 Rad8 17. e5 Qxd4 18. Qxd4 Rxd4 19. Bxa6 1-0

[Event "Cappelle-la-Grande"]
[Site "Cappelle-la-Grande (FRA)"]
[Date "2013.03.02"]
[Round "9.170"]
[White "Degremont, Patrick"]
[Black "Galoppa, Ludovic"]
[Result "1-0"]
[WhiteElo "1949"]
[BlackElo "1744"]
[PlyCount "61"]
[EventDate "2013.??.??"]

1. e4 c5 2. Nc3 Nc6 3. g3 g6 4. Bg2 Bg7 5. d3 e6 6. f4 Nge7 7. e5 d6 8. exd6
Qxd6 9. Ne4 Qd8 10. c3 b6 11. Be3 Rb8 12. Qc2 Bb7 13. Nf3 Nd5 14. Bf2 O-O 15.
O-O Qc7 16. Rad1 Rfd8 17. Rfe1 Rd7 18. d4 cxd4 19. Nxd4 Nxd4 20. Bxd4 Bxd4+ 21.
Rxd4 Kg7 22. Red1 Rbd8 23. Qe2 Nxc3 24. bxc3 Rxd4 25. cxd4 Qe7 26. Nc3 Bxg2 27.
Kxg2 Qb4 28. Qe5+ Kh6 29. Ne4 Rd5 30. Qh8 Qe7 31. Nf6 1-0

[Event "Cappelle-la-Grande"]
[Site "Cappelle-la-Grande (FRA)"]
[Date "2013.03.02"]
[Round "9.182"]
[White "Roche, Laurent"]
[Black "Bele, Charles"]
[Result "1-0"]
[WhiteElo "1913"]
[BlackElo "1680"]
[PlyCount "63"]
[EventDate "2013.??.??"]

1. e4 e6 2. d4 d5 3. exd5 exd5 4. c4 Nf6 5. Nc3 Be7 6. Nf3 O-O 7. h3 Re8 8. Be3
c6 9. Bd3 Be6 10. b3 Bb4 11. Qc2 Qa5 12. Kd2 Nbd7 13. a3 Bxc3+ 14. Qxc3 Qxc3+
15. Kxc3 h6 16. g4 Re7 17. Rag1 Rae8 18. g5 Ne4+ 19. Kc2 hxg5 20. Nxg5 Nxg5 21.
Bxg5 f6 22. Bf4 g5 23. Bd6 Rg7 24. f4 Bf7 25. f5 Bh5 26. Re1 Kh7 27. Re6 Kh6
28. Rhe1 Rxe6 29. fxe6 Nb6 30. e7 Be8 31. c5 Nc8 32. Bf5 1-0

[Event "Cappelle-la-Grande"]
[Site "Cappelle-la-Grande (FRA)"]
[Date "2013.03.02"]
[Round "9.186"]
[White "Persyn, Yvon"]
[Black "Charlier, Laurent"]
[Result "0-1"]
[WhiteElo "1583"]
[BlackElo "1879"]
[PlyCount "134"]
[EventDate "2013.??.??"]

1. f4 e5 2. fxe5 d6 3. Nf3 dxe5 4. e4 Nc6 5. Bb5 Bd7 6. O-O Nf6 7. d3 Bc5+ 8.
Kh1 Ng4 9. Qe2 h5 10. Nc3 Nd4 11. Bxd7+ Qxd7 12. Nxd4 Bxd4 13. Bd2 O-O-O 14.
Rf3 a6 15. Raf1 Rdf8 16. Nd1 Qe7 17. Be1 Rh7 18. a3 g6 19. Bb4 Bc5 20. Bxc5
Qxc5 21. c4 Qe7 22. Ne3 c6 23. Rh3 f5 24. exf5 gxf5 25. Nxf5 Qe6 26. Rhf3 Rd8
27. Ne3 e4 28. Nxg4 hxg4 29. Rf6 Qd7 30. Qxe4 g3 31. Qf5 Qxf5 32. R6xf5 Rxh2+
33. Kg1 Kc7 34. c5 Rxd3 35. Rf7+ Kb8 36. R7f3 Rd2 37. Rxg3 Rh5 38. b4 a5 39.
Rgf3 Ra2 40. g4 Rg5 41. Rg3 axb4 42. axb4 Ra4 43. Kg2 Rxb4 44. Rf8+ Kc7 45. Rf5
Rgxg4 46. Kf3 Rxg3+ 47. Kxg3 Kd7 48. Re5 Rd4 49. Rg5 Rd5 50. Rg7+ Kc8 51. Rg8+
Kc7 52. Rg7+ Kc8 53. Kf4 Rxc5 54. Ke4 Rd5 55. Rg2 b5 56. Rg8+ Kb7 57. Rg2 Rd1
58. Rg7+ Kb6 59. Rg5 b4 60. Ke3 b3 61. Rg2 c5 62. Rb2 c4 63. Ke2 Rd7 64. Rd2
Rxd2+ 65. Kxd2 b2 66. Kc2 c3 67. Kb1 Kc5 0-1

[Event "Cappelle-la-Grande"]
[Site "Cappelle-la-Grande (FRA)"]
[Date "2013.03.02"]
[Round "9.194"]
[White "Szczerbinski, Dominik"]
[Black "Omasta, Michel"]
[Result "1/2-1/2"]
[WhiteElo "1540"]
[BlackElo "1847"]
[PlyCount "55"]
[EventDate "2013.??.??"]

1. e4 e5 2. Nf3 Nc6 3. d4 exd4 4. Bc4 Be7 5. c3 d6 6. cxd4 Bg4 7. Qb3 Bxf3 8.
Qxf3 Nf6 9. Be3 O-O 10. O-O Nb4 11. Bb3 d5 12. Nc3 dxe4 13. Nxe4 Nxe4 14. Qxe4
c6 15. Bf4 Bf6 16. Be5 Nd5 17. f4 Qd7 18. Bc2 g6 19. f5 Bxe5 20. dxe5 gxf5 21.
Rxf5 Ne7 22. Rxf7 Rxf7 23. e6 Qd5 24. exf7+ Qxf7 25. Bb3 Nd5 26. Rf1 Qd7 27.
Rf3 Kh8 28. Qe5+ 1/2-1/2